Science Quiz

Random Science or Elements Quiz

Name the Two Elements That... Quiz Stats

 Plays Quiz Updated Dec 22, 2011

Challenge
Share
Tweet
Embed
Score 0/36 Timer 05:00
1 Play Today
Category % Correct
Are in an Olympic champion's medalGold
92.4%
Are in an Olympic champion's medalSilver
90.7%
Are liquid at room temperatureMercury
85.4%
Are present in methaneHydrogen
84%
Have symbols beginning with 'K'Potassium
83.8%
Are combined to make bronzeCopper
81.1%
Are present in methaneCarbon
77.7%
Contain the letter 'X'Xenon
70.7%
Are named after FranceFrancium
70.4%
Were in atomic bombs dropped on JapanUranium
68.5%
Are combined to make bronzeTin
67%
Were in atomic bombs dropped on JapanPlutonium
59.2%
Are named after a continentEuropium
59.2%
Have symbols beginning with 'K'Krypton
58.1%
Are named after female scientistsCurium
56.7%
Contain the letter 'X'Oxygen
54.1%
End with the letter 'C'Zinc
52.8%
Were discovered by Pierre and Marie CurieRadium
50.6%
Category % Correct
Are named after a continentAmericium
50.5%
Begin with the letter 'Y'Yttrium
49.5%
End with the letter 'C'Arsenic
43.5%
Begin with the letter 'Y'Ytterbium
37.6%
Are liquid at room temperatureBromine
33.7%
Have a series of elements named after themActinium
29%
Have a series of elements named after themLanthanum
28%
Are named after FranceGallium
25.2%
Are metalloids in group 14Silicon
23.3%
Have a boiling point greater than 5800KTungsten
21%
Are metalloids in group 14Germanium
19.7%
Were discovered by Pierre and Marie CuriePolonium
18%
Contain the two letter combination 'sp'Phosphorus
17.2%
Have a density greater than 22g cmˉ³Osmium
11.2%
Contain the two letter combination 'sp'Dysprosium
8.8%
Are named after female scientistsMeitnerium
8%
Have a density greater than 22g cmˉ³Iridium
7.9%
Have a boiling point greater than 5800KRhenium
4.3%

You're not logged in!

Compare scores with friends on all Sporcle quizzes.
Join for Free
OR
Log In

You Might Also Like...

Show Comments

Extras

Top Quizzes Today


Score Distribution

Your Account Isn't Verified!

In order to create a playlist on Sporcle, you need to verify the email address you used during registration. Go to your Sporcle Settings to finish the process.

Report this User

Report this user for behavior that violates our Community Guidelines.

Details: